000 00262nam a2200109Ia 4500
008 200302s9999 xx 000 0 und d
100 _aChristopher Woodward
245 _aSkidmore Owings & Merrill
260 _bSimon and Schuster
260 _c1970
300 _a136 P.,
999 _c89
_d89